| 000 | 00327nam a22001337a 4500 | ||
|---|---|---|---|
| 003 | OSt | ||
| 005 | 20231127180042.0 | ||
| 008 | 231127b |||||||| |||| 00| 0 eng d | ||
| 040 | _cCO-JMCR | ||
| 082 |
_aA / _bHINf |
||
| 100 |
_aFernando Hincapiè _eautor _942950 |
||
| 245 |
_aGringadas / _cFernando Hincapie |
||
| 942 |
_2ddc _cBK |
||
| 999 |
_c30350 _d16734 |
||